000 02160cam a2200325 4500
001 L159121
002 20122
008 091019s2015 000 0 eng u
020 _a9781118631126
035 _a(Sirsi) u159121
041 0 _aeng
050 0 4 _a692.8
100 1 _aKeane, John P
245 _aDelay analysis in construction contracts
_h[electronic resource]
260 _aChichester
_bJohn Wiley& Sons
_bBlackwell Publishing
_c2015
300 _aeBook
505 2 _aIntroduction -- Show sub-topics -- Construction Programmes -- Identification of Construction Delays -- Analysis of Construction Delays -- Delay Analysis Techniques -- Problematic Issues -- Effective Presentation of Delay Analysis -- Appendix -- Glossary -- Table of Cases -- Index
520 _aProvides guidance to the process of delay analysis and includes an in-depth review of the primary methods of delay analysis, together with the assumptions that underlie the precise calculations required in any quantitative delay analysis. Assessing the financial impacts associated with delay and disruption, and establishing a causal link from each delay event to its effect, contractual liability and the damages experienced as a direct result of each event, can be difficult and complex. The authors discuss delay analysis techniques, and their appropriateness under given circumstances, demonstrating how combined approaches may be applied where necessary. They also consider problematic issues including 'who owns the float', concurrent delay, early completion programmes, and disruption. The book features practical worked examples and case studies demonstrating the techniques commonly used by experienced practitioners.
590 _aKA
650 2 4 _aEBOOK
650 2 4 _aDELAY ANALYSIS
650 2 4 _aDISRUPTION
650 2 4 _aCONTRACTUAL LIABILITY
650 2 4 _aMANAGEMENT-DISPUTE AVOIDANCE, MANAGEMENT AND RESOLUTION-DISPUTE MANAGEMENT AND RESOLUTION
651 4 _aInternational
690 _aContracts
_96232
700 1 _aCaletka, Tony
856 4 0 _uhttps://www.vlebooks.com/
_zView on VLEbooks. Logins for members only from [email protected]
942 _n0
999 _c115687
_d115687